An introductory Hebrew grammar : (Record no. 124956)
[ view plain ]
| 000 -LEADER | |
|---|---|
| fixed length control field | 00772cam a2200277uu 4500 |
| 001 - CONTROL NUMBER | |
| control field | 4485882 |
| 003 - CONTROL NUMBER IDENTIFIER | |
| control field | ARRUPE |
| 005 - DATE AND TIME OF LATEST TRANSACTION | |
| control field | 20160812095804.0 |
| 008 - FIXED-LENGTH DATA ELEMENTS--GENERAL INFORMATION | |
| fixed length control field | 740905s1962 stk 001 0 eng u |
| 010 ## - LIBRARY OF CONGRESS CONTROL NUMBER | |
| LC control number | 62066225 |
| 035 ## - SYSTEM CONTROL NUMBER | |
| System control number | (OCoLC)998703 |
| 035 ## - SYSTEM CONTROL NUMBER | |
| System control number | (OCoLC)ocm00998703 |
| 035 ## - SYSTEM CONTROL NUMBER | |
| System control number | (NNC)4485882 |
| 040 ## - CATALOGING SOURCE | |
| Transcribing agency | MNtcA |
| Modifying agency | NNUT |
| -- | CStRLIN |
| 041 0# - LANGUAGE CODE | |
| Language code of text/sound track or separate title | engheb |
| 050 0# - LIBRARY OF CONGRESS CALL NUMBER | |
| Classification number | PJ4567 |
| Item number | .D37 1962 |
| 090 ## - LOCALLY ASSIGNED LC-TYPE CALL NUMBER (OCLC); LOCAL CALL NUMBER (OCLC) | |
| Classification number (OCLC) (R) ; Classification number, CALL (RLIN) (NR) | PJ4567 |
| Local cutter number (OCLC) ; Book number/undivided call number, CALL (RLIN) | .D37 1962 |
| 300 ## - PHYSICAL DESCRIPTION | |
| Dimensions | 22 cm. |
| 100 1# - MAIN ENTRY--PERSONAL NAME | |
| Personal name | Davidson, A. B. |
| Fuller form of name | (Andrew Bruce), |
| Dates associated with a name | 1831-1902. |
| 9 (RLIN) | 24920 |
| 245 13 - TITLE STATEMENT | |
| Title | An introductory Hebrew grammar : |
| Statement of responsibility, etc | A. B. Davidson. |
| 250 ## - EDITION STATEMENT | |
| Edition statement | 3th ed. |
| 260 ## - PUBLICATION, DISTRIBUTION, ETC. (IMPRINT) | |
| Place of publication, distribution, etc | Edinburgh : |
| Name of publisher, distributor, etc | T. & T. Clark, |
| Date of publication, distribution, etc | 1967 |
| 300 ## - PHYSICAL DESCRIPTION | |
| Extent | 192 p. ; |
| 650 #0 - SUBJECT ADDED ENTRY--TOPICAL TERM | |
| Topical term or geographic name as entry element | Hebrew language |
| General subdivision | Syntax |
| -- | Key |
| 9 (RLIN) | 24921 |
| 942 ## - ADDED ENTRY ELEMENTS (KOHA) | |
| Source of classification or shelving scheme | Library of Congress Classification |
| Koha item type | Monograph ( Printed materials) |
| Withdrawn status | Lost status | Source of classification or shelving scheme | Damaged status | Not for loan | Collection code | Home library | Current library | Shelving location | Date acquired | Total Checkouts | Full call number | Barcode | Date last seen | Price effective from | Koha item type |
|---|---|---|---|---|---|---|---|---|---|---|---|---|---|---|---|
| Library of Congress Classification | Main Collection | ARRUPE LIBRARY | ARRUPE LIBRARY | Main Collection | 12/08/2016 | PJ4701 .D3 1967 | 46500010453 | 27/02/2019 | 12/08/2016 | Monograph ( Printed materials) |